00589cam6a220021700 4500001001200000008004100012035001900053035001800072100002700090245003700117260001000154949003700164004000600201591002400207591004000231591001700271591002800288591002700316909000900343999001900352zam00003159951128s1973 xx eng u a(Sirsi) r20493 a(MACHINE)SLC. aGiven, I. A.6A81874.110aSME mining engineering handbook. c1973. aTN151wlccmMAINtBOOKlON-SHELF20493 aClass code: GG 310. aCourse: Mineralogy and petrography. aSchool: S08. aLecturer: Dr. AHMED, A. aNumber of Students: 8. aBook c170786d170786